01839cam a2200409 i 4500001001000000003000600010005001700016008004100033010001500074016002000089020003600109020003300145020003700178020003400215035001500249035005700264040009700321041001300418042000800431050002200439050002200461082001700483100003100500240005000531245006700581264005800648300004900706500029000755504005001045505020201095650001801297650002101315650002101336650003201357650001201389650002801401920680673OCoLC20210304193117.0150902s2016 gw a b 001 0 eng  a20150341867 a1016674692DNLM a9783131768612q(alkaline paper) a3131768614q(alkaline paper) z9783131768711q(electronic book) z3131768711q(electronic book) a.b79339402 a(OCoLC)920680673z(OCoLC)926823329z(OCoLC)935982502 aDNLM/DLCbengerdacDLCdYDXdNLMdBTCTAdYDXCPdOCLCOdVRCdOCLCQdVAMdOCLCFdOSUdUtOrBLW1 aenghger apcc04aQM28b.S7713 201604aQM28b.S7713 2016 222a612bHJF1 aHochschild, Jutta,eauthor10aStrukturen und Funktionen begreifen.lEnglish10aFunctional anatomy for physical therapists /cJutta Hochschild 1aStuttgart ;aNew York :bGeorg Thieme Verlag,c[2016] ax, 578 pages :bcolor illustrations ;c28 cm a"This book is an authorized translation of the 2-volume 3rd German edition published and copyrighted 2005 and 2008 by Georg Thieme Verlag, Stuttgart. Title of the German edition: Strukturen und Funktionen begreifen : Funktionelle Anatomie : Therapierelevante Details"--Title page verso aIncludes bibliographical references and index0 aFundamentals of the spinal column -- Cranium and cervical spine -- Thoracic spine and thorax -- Shoulder -- Elbow -- Hand and wrist -- Lumbar spine -- Pelvis and hip joint -- Knee -- Foot and ankle 0aHuman anatomy 0aHuman physiology 0aPhysical therapy12aPhysical Therapy Modalities22aAnatomy22aPhysiological Phenomena